|
|
|
|
| LEADER |
00000nam0a2200000 4500 |
| 001 |
21232 |
| 005 |
20231101205418.0 |
| 035 |
|
|
|a (RuTPU)RU\TPU\book\21430
|
| 035 |
|
|
|a BOOK00006123
|
| 090 |
|
|
|a 21232
|
| 100 |
|
|
|a 20011209d1953 km y0rusy50 ca
|
| 101 |
0 |
|
|a rus
|
| 102 |
|
|
|a RU
|
| 105 |
|
|
|a aс z 001zd
|
| 200 |
1 |
|
|a Русские инженеры
|f Л. И. Гумилевский
|
| 205 |
|
|
|a 2-е изд.
|
| 210 |
|
|
|a Москва
|c Молодая гвардия
|d 1953
|
| 215 |
|
|
|a 439 с.
|
| 606 |
1 |
|
|a Техника
|x История
|2 stltpush
|3 (RuTPU)RU\TPU\subj\68282
|9 83710
|
| 610 |
1 |
|
|a техника
|
| 610 |
1 |
|
|a наука
|
| 610 |
1 |
|
|a русские инженеры
|
| 610 |
1 |
|
|a история
|
| 610 |
1 |
|
|a Древняя Русь
|
| 610 |
1 |
|
|a Россия
|
| 610 |
1 |
|
|a промышленность
|
| 610 |
1 |
|
|a механика
|
| 610 |
1 |
|
|a персоналии
|
| 675 |
|
|
|a 62.007(092)
|v 3
|
| 700 |
|
1 |
|a Гумилевский
|b Л. И.
|c руский писатель
|f 1890-1976
|g Лев Иванович
|2 stltpush
|3 (RuTPU)RU\TPU\pers\10697
|9 2368
|
| 801 |
|
0 |
|a RU
|b 63413507
|c 20011209
|g PSBO
|
| 801 |
|
2 |
|a RU
|b 63413507
|c 20221103
|g PSBO
|
| 942 |
|
|
|c BK
|